| 000 | 00391nam a2200133Ia 4500 | ||
|---|---|---|---|
| 008 | 230917s9999||||xx |||||||||||||| ||und|| | ||
| 040 |
_e93633 _aMAIN |
||
| 041 | _aEnglish | ||
| 082 | _a677.02862 G959E | ||
| 100 | _aGupta, Debasish | ||
| 245 | 0 | _aEffect of sheath fibre denier and process variables on the properties of polyproaplene/viscose core-spun yarn | |
| 300 | _a58 p. | ||
| 942 | _cTH | ||
| 999 |
_c50957 _d50957 |
||